Critical Thinking for Students : (Record no. 15454)
[ view plain ]
| 000 -LEADER | |
|---|---|
| fixed length control field | 00752nam a22002177a 4500 |
| 008 - FIXED-LENGTH DATA ELEMENTS--GENERAL INFORMATION | |
| fixed length control field | 110529s2010 enk|||||r|||| 001 0 eng d |
| 020 ## - INTERNATIONAL STANDARD BOOK NUMBER | |
| International Standard Book Number | 1845283864 |
| 020 ## - INTERNATIONAL STANDARD BOOK NUMBER | |
| International Standard Book Number | 9781845283865 |
| 082 ## - DEWEY DECIMAL CLASSIFICATION NUMBER | |
| Edition number | 22 |
| Classification number | 370.152 |
| Item number | BRI |
| 100 ## - MAIN ENTRY--PERSONAL NAME | |
| 9 (RLIN) | 24365 |
| Personal name | Brink-Budgen, Roy van den |
| Dates associated with a name | 1947- |
| 245 ## - TITLE STATEMENT | |
| Title | Critical Thinking for Students : |
| Remainder of title | Learn the Skills of Analysing, Evaluating and Producing Arguments / |
| Statement of responsibility, etc | Roy van den Brink-Budgen |
| 250 ## - EDITION STATEMENT | |
| Edition statement | 4th ed. ; |
| Remainder of edition statement | Rev. & Updated |
| 260 ## - PUBLICATION, DISTRIBUTION, ETC. (IMPRINT) | |
| Place of publication, distribution, etc | Oxford : |
| Name of publisher, distributor, etc | How To Books, 2010. |
| Date of publication, distribution, etc | 2010 |
| 300 ## - PHYSICAL DESCRIPTION | |
| Extent | vii, 118 p. : |
| Other physical details | ill. ; |
| Dimensions | 22 cm. |
| 500 ## - GENERAL NOTE | |
| General note | Includes index |
| 650 ## - SUBJECT ADDED ENTRY--TOPICAL TERM | |
| 9 (RLIN) | 20326 |
| Topical term or geographic name as entry element | Critical thinking. |
| 653 ## - INDEX TERM--UNCONTROLLED | |
| Resource For college | |
| Arrived date list | May2011 |
| 650 ## - SUBJECT ADDED ENTRY--TOPICAL TERM | |
| 9 (RLIN) | 24364 |
| Topical term or geographic name as entry element | Debates and debating |
| 650 ## - SUBJECT ADDED ENTRY--TOPICAL TERM | |
| 9 (RLIN) | 13976 |
| Topical term or geographic name as entry element | Reasoning |
| 942 ## - ADDED ENTRY ELEMENTS (KOHA) | |
| Source of classification or shelving scheme | Dewey Decimal Classification |
| Item type | Book - Borrowing |
| Withdrawn status | Item status | Source of classification or shelving scheme | Damaged status | Not for loan | Vendor | Home library | Current library | Shelving location | Date acquired | Source of acquisition | Cost, normal purchase price | Serial Enumeration / chronology | Total Checkouts | Total Renewals | Full call number | Barcode | Date last seen | Date last borrowed | Koha item type |
|---|---|---|---|---|---|---|---|---|---|---|---|---|---|---|---|---|---|---|---|
| Dewey Decimal Classification | Baccah | Central Library | Central Library | First floor | 29/05/2011 | 128.00 | 12344 | 5 | 71 | 370.152 BRI | 000023779 | 15/07/2025 | 18/10/2017 | Book - Borrowing |